Ally Wyers
George Washington B
Categories
Science - Biology | 0 | 3 | 2 | 0 | 20 | 90 | 114.33 | 3 | 3 |
Beliefs | 0 | 2 | 0 | 0 | 20 | 126 | 128.00 | 0 | 2 |
Literature - American Literature | 0 | 1 | 0 | 0 | 10 | 137 | 137.00 | 0 | 1 |
Fine Arts - Auditory Fine Arts | 0 | 1 | 0 | 0 | 10 | 81 | 81.00 | 0 | 1 |
Other Arts: Auditory | 0 | 1 | 0 | 0 | 10 | 89 | 89.00 | 0 | 1 |
Science - Chemistry | 0 | 1 | 0 | 0 | 10 | 126 | 126.00 | 0 | 1 |
Science - Physics | 0 | 1 | 0 | 1 | 10 | 123 | 123.00 | 1 | 1 |
Social Science | 0 | 1 | 2 | 0 | 0 | 79 | 79.00 | 0 | 1 |
Other Science: Math | 0 | 0 | 0 | 0 | 0 | 0.00 | 0 | 0 | |
British and Commonwealth History | 0 | 0 | 0 | 0 | 0 | 0.00 | 0 | 0 | |
History - European History | 0 | 0 | 0 | 0 | 0 | 0.00 | 0 | 0 | |
History - American History | 0 | 0 | 1 | 0 | -5 | 0.00 | 0 | 0 | |
Fine Arts - Visual Fine Arts | 0 | 0 | 1 | 0 | -5 | 0.00 | 0 | 0 |